| 000 | 00672nam a2200169Ia 4500 | ||
|---|---|---|---|
| 008 | 220216s9999 xx 000 0 und d | ||
| 100 | _aMathew J | ||
| 245 | 0 | _aRubber clinic: A distance diagnostic and information system for the rapid diagnosis and management of pests and diseases of natural rubber | |
| 260 | _bPLACROSYM XIX, 7-10 December 2010, Kottayam. Climate Change. 19th Biennial Symposium on Plantation Crops. Abstracts.pp.197-198. | ||
| 650 | _aDigital image library | ||
| 650 | _aDIstance diagnostic and identification system (DDIs) | ||
| 650 | _aPests and diseases | ||
| 650 | _aRubber clinic | ||
| 700 | _aAbraham T | ||
| 700 | _aBiju B | ||
| 942 | _cBS | ||
| 999 |
_c52247 _d52247 |
||